Prevádzkovanie širokopásmových služieb vo vysokorýchlostnej sieti PLC

Saved in:
Bibliographic Details
Main Author: Novotný, Adam (Author)
Other Authors: Orgoň, Miloš (Thesis advisor)
Format: Manuscript Book
Language:Slovak
Published: Bratislava : STU v Bratislave FEI, 2023
Subjects:
Online Access:https://opac.crzp.sk/?fn=detailBiblioFormChildAANGD&sid=EC7951772ACC837B5F79C8A56A1E&seo=CRZP-detail-kniha
Tags: Add Tag
No Tags, Be the first to tag this record!

MARC

LEADER 00000ntm a22000003a 4500
001 stuzp92294
003 SK-STU
005 20241127111430.5
007 ta
008 150427s2015----xo-----f-mn---000-0-slo-d
040 |a STU  |b slo 
041 0 |a slo 
044 |a xo 
100 1 |a Novotný, Adam  |u 037000  |4 aut  |U FEI Fakulta elektrotechniky a informatiky  |T FEI Ústav multimediálnych informačných a komunikačných technológií  |X 98278  |U E070  |Y 818  |7 98278 
242 0 1 |a Operation of broadband services in a high-speed PLC network  |y eng 
245 1 0 |a Prevádzkovanie širokopásmových služieb vo vysokorýchlostnej sieti PLC 
260 |a Bratislava :  |b STU v Bratislave FEI,  |c 2023 
300 |a 57 s. 
650 4 |a prenosová rýchlosť  |2 slo 
650 4 |a telekomunikačné služby  |2 slo 
650 4 |a širokopásmové služby  |2 slo 
650 4 |a Technológia PLC  |2 slo 
650 4 |a domáca PLC sieť  |2 slo 
650 4 |a broadband services  |2 eng 
650 4 |a in-home PLC network  |2 eng 
650 4 |a transmission speed  |2 eng 
650 4 |a telecommunication services  |2 eng 
650 4 |a PLC technology  |2 eng 
700 1 |a Orgoň, Miloš  |u 037000  |k Z1  |4 ths  |U FEI Fakulta elektrotechniky a informatiky  |T FEI Ústav multimediálnych informačných a komunikačných technológií  |X 2184  |U E070  |Y 818  |7 A000002184 
856 4 |u https://opac.crzp.sk/?fn=detailBiblioFormChildAANGD&sid=EC7951772ACC837B5F79C8A56A1E&seo=CRZP-detail-kniha